| 000 | 00780aab a2200193 i 4500 | ||
|---|---|---|---|
| 001 | 768714001 | ||
| 003 | CO-MdFUSB | ||
| 005 | 20240422110424.0 | ||
| 008 | 240405t1984 cr ||||| |||| 00| 0 spa d | ||
| 040 |
_bspa _cCO-MdFUSB |
||
| 041 | _aspa | ||
| 100 | 1 |
_aEvans, David _eautor |
|
| 245 | 1 | 0 |
_aRoland Allen : _bprofeta radical _c/ David Evans |
| 300 |
_aVolumen 3, número 1 (marzo, 1984), páginas: 18 - 21 _c; 27 cm |
||
| 520 | _aEl presente artículo fue escrito por uno de los 28 asistentes procedentes de América Latina, el obispo David Evans, de Lima Perú, especialmente para Misión. | ||
| 650 | 7 |
_aLiderazgo _xAspectos religiosos _97268 |
|
| 773 | 0 |
_tIglesia y Misión _049402 _959687 _gVolumen 3, número 1 (marzo, 1984), páginas: 18 - 21 _qpáginas: 18 |
|
| 942 | _cANA | ||
| 999 |
_c51444 _d51444 |
||